| 000 | 00977nam a22003137a 4500 | ||
|---|---|---|---|
| 003 | CHAP | ||
| 005 | 20220329135508.0 | ||
| 008 | 971013s1971 r 00010 d | ||
| 010 | _a37538 | ||
| 011 | _a38510 | ||
| 035 | _a42630 | ||
| 040 | _cCHAP | ||
| 090 | _aFolleto 4080 | ||
| 100 | 0 | 0 |
_aParsons, Kenneth H. _985782 |
| 245 | _aCustomary land tenure and the development of african agriculture | ||
| 260 |
_aMadison, Wis. : _bLand Tenure Center, _c1971 |
||
| 300 | _a82 p. | ||
| 490 |
_aLTC _v; 77 |
||
| 590 |
_aBATCH-UPD _b10 _c20130110 _lUCH01 _h0951 |
||
| 590 |
_aCONVERSION _b10 _c20130109 _lUCH01 _h1321 |
||
| 650 | 1 | 4 |
_aAgricultura _xAfrica _zAfrica. _9175391 |
| 650 | 1 | 4 |
_aTierras _xTenencia _xAfrica. _9113131 |
| 710 |
_aLand Tenure Center. Madison, Wis. _964637 |
||
| 830 | 0 |
_aLTC _v; 77 _968830 |
|
| 901 | _aBK | ||
| 942 | _cFOLL | ||
| 949 |
_aFolleto 4080 _bBC _cFOLL _d-98066 _eTS1 _i42630 _mD _si |
||
| 949 |
_aFolleto 4080 _bBC _cFOLL _d-98067 _eTS2 _fc.2 _i42630 _mD _si |
||
| 999 |
_c37538 _d37538 |
||